000 00751nam a22002057a 4500
005 20240530110544.0
008 160519s2013 su f b 000 0 ara d
017 _a1433/9805
_bالسعودية . مكتبة الملك فهد الوطنية
020 _a9786038087985
040 _aEG-CaGPL
082 0 4 _221
_a301.01/
_bم ن
100 0 _aمعن خليل العمر
245 1 2 _aالنظرية فى علم الاجتماع :
_bرؤية عربية /
_cمعن خليل العمر
250 _aط. 1
260 _aالرياض :
_bدار الزهراء ،
_c2013 .
300 _a272 ص. ؛
_c24 سم .
504 _aيشتمل على ارجاعات ببليوجرافية
650 0 4 _aالاجتماع ، علم
_xنظريات
942 _2ddc
_cBK
999 _c62323
_d62323